[Event "Bundesliga 2009-10"]
[Site "Solingen GER"]
[Date "2010.02.27"]
[Round "10"]
[White "Bok,B"]
[Black "Zumsande,M"]
[Result "1-0"]
[WhiteElo "2351"]
[BlackElo "2413"]

1.e4 e6 2.d4 d5 3.Nd2 Nc6 4.Ngf3 Nf6 5.e5 Nd7 6.c4 dxc4 7.Nxc4 Bb4+ 8.Bd2 O-O
9.Bd3 f6 10.exf6 Nxf6 11.O-O Qd5 12.Bf4 Bd6 13.Nxd6 cxd6 14.Rc1 b5 15.Bc2 Na5
16.Qe1 Nc4 17.b3 Na3 18.Bd3 Bb7 19.Rc7 Ne8 20.Rxb7 Qxb7 21.Qxe6+ Qf7 22.Qxf7+ Kxf7
23.Bc1 b4 24.Ng5+ Ke7 25.Re1+ Kd7 26.Ne6 Nc7 27.Nxf8+ Rxf8 28.Bxh7 Ncb5 29.Bb2 d5
30.Rc1 Kd6 31.Bd3 Rf4 32.g3 Rf3 33.Be2 Rf7 34.f4 Rc7 35.Bxa3 bxa3 36.Rxc7 Nxc7
37.Kf2 Ne6 38.Ke3 a5 39.h4 Nd8 40.Bb5 Nf7 41.g4 Nh6 42.Kf3 Ng8 43.h5 Nf6
44.Bd3 Ke7 45.g5 Ne8 46.f5  1-0

[Event "Congress"]
[Site "Blackpool ENG"]
[Date "2010.03.03"]
[Round "3"]
[White "Brown,Mart"]
[Black "Clarke,B"]
[Result "1-0"]
[WhiteElo "2074"]
[BlackElo "2014"]

1.e4 e6 2.d4 d5 3.Nd2 Nc6 4.Ngf3 Nf6 5.e5 Nd7 6.Be2 f6 7.exf6 Qxf6 8.Nf1 Bd6
9.Ne3 O-O 10.O-O Qg6 11.c4 Nf6 12.Qc2 Qh5 13.h3 Ne4 14.cxd5 exd5 15.Nxd5 Nxd4
16.Nxd4 Qe5 17.f4 Qxd4+ 18.Be3 Qxd5 19.Bc4 Be6 20.Bxd5 Bxd5 21.Rad1 c6 22.Rxd5 cxd5
23.Qb3 Nf6 24.Qxb7 Rab8 25.Qc6 Rfd8 26.Bd4 Rbc8 27.Qb5 a6 28.Qa5 Kf7 29.Qxa6 Bc5
30.Bxc5 Rxc5 31.Qa7+ Nd7 32.b4 Rc4 33.Qb7 Ke6 34.Re1+ Kd6 35.f5  1-0

[Event "11th EICC Women"]
[Site "Rijeka CRO"]
[Date "2010.03.06"]
[Round "1"]
[White "Sedina,E"]
[Black "Baciu,D"]
[Result "1-0"]
[WhiteElo "2334"]
[BlackElo "2146"]

1.e4 e6 2.d4 d5 3.Nd2 Be7 4.c3 c5 5.dxc5 Nf6 6.exd5 Nxd5 7.Ne4 O-O 8.Nf3 Nd7
9.Bd3 Nxc5 10.Nxc5 Bxc5 11.O-O Qc7 12.Qa4 Be7 13.Re1 Bd7 14.Qe4 f5 15.Qc4 Rad8
16.Qxc7 Nxc7 17.Bf4 Nd5 18.Be5 Bf6 19.Bc4 Nb6 20.Bb3 Na4 21.Nd4 Nc5 22.Bc2 Rfe8
23.Bxf6 gxf6 24.f4 Kf7 25.Re3 Na4 26.Bb3 Nc5 27.Bc2 Na4 28.Rae1 Nb6 29.Bb3 Nd5
30.Bxd5 exd5 31.Rxe8 Rxe8 32.Rxe8 Kxe8 33.Kf2 Ke7 34.Ke3 Kd6 35.b4 b6 36.Kd3 a6
37.Nc2 Kc6 38.Kd4 Be6 39.a4 Bd7 40.Ne3 Be6 41.g3 h6 42.g4 fxg4 43.f5 Bd7
44.Nxg4 Bxf5 45.Nxh6 Be6 46.Ke3 a5 47.Kf4 d4 48.b5+ Kc5 49.cxd4+ Kxd4 50.h4 Kc4
51.h5 Kb4 52.Ng4 Bf7 53.h6 Bg6 54.Nxf6 Kxa4 55.Kg5 Bc2 56.Nd7 Kxb5 57.Nf8 a4
58.Ng6 Bxg6 59.Kxg6  1-0

[Event "11th EICC Women"]
[Site "Rijeka CRO"]
[Date "2010.03.07"]
[Round "2"]
[White "Schneider,Ve"]
[Black "Paehtz,E"]
[Result "1-0"]
[WhiteElo "2314"]
[BlackElo "2486"]

1.e4 e6 2.d4 d5 3.Nd2 Be7 4.c3 Nf6 5.e5 Nfd7 6.Bd3 c5 7.Ne2 b6 8.Nf3 Ba6
9.Bxa6 Nxa6 10.h4 Qc7 11.Bg5 Bf8 12.Rc1 h6 13.Be3 b5 14.Kf1 Nb6 15.b3 Nb8
16.g4 N8d7 17.Kg2 a5 18.g5 c4 19.Nf4 Ba3 20.Rc2 Be7 21.g6 Nf8 22.gxf7+ Kxf7
23.h5 cxb3 24.axb3 a4 25.bxa4 bxa4 26.Nh4 Bxh4 27.Rxh4 a3 28.Qb1 Nc4 29.Nd3 Rb8
30.Nb4 g5 31.Rh3 Kg8 32.Ra2 Rh7 33.Bc1 Qf7 34.Qd3 Rg7 35.Qf3 Qe8 36.Rg3 Rbb7
37.Bxa3 g4 38.Qf6 Nxa3 39.Rxa3 Qxh5 40.Ra8 Rbf7 41.Qxe6 Kh7 42.Rxf8 Rxf8
43.Nxd5 Qg5 44.Nf6+ Kh8 45.Nxg4 h5 46.Nf6 Qh6 47.Qf5 Rxg3+ 48.Kxg3 h4+ 49.Kh3 Kg7
50.Nh5+ Kh8 51.Nf6 Kg7 52.f4 Rb8 53.Qd7+ Kh8 54.Qg4 Ra8 55.Qxh4 Qxh4+ 56.Kxh4 Rc8
57.Ne4 Rg8 58.d5 Kg7 59.Kg5  1-0

[Event "11th EICC Men"]
[Site "Rijeka CRO"]
[Date "2010.03.07"]
[Round "2"]
[White "Plat,V"]
[Black "Drozdovskij,Y"]
[Result "1/2-1/2"]
[WhiteElo "2395"]
[BlackElo "2627"]

1.e4 e6 2.d4 d5 3.Nd2 Nc6 4.Ngf3 Nf6 5.e5 Nd7 6.c3 f6 7.exf6 Qxf6 8.Be2 Bd6
9.Nf1 O-O 10.Ng3 Nb6 11.Bg5 Qf7 12.Be3 h6 13.O-O Bd7 14.Qc2 e5 15.dxe5 Nxe5
16.Nxe5 Bxe5 17.Rad1 Bxg3 18.fxg3 Qe7 19.Bd4 c5 20.Bf2 Bf5 21.Qd2 Be4 22.Qe3 Rac8
23.Bf3 Rfe8 24.Bh5 Rf8 25.Bf3 Rfe8 26.Bh5 Rf8 27.Bf3 Qe6 28.b3 Rfe8 29.Qf4 Rf8
30.Qe3 Qc6 31.Bxe4 dxe4 32.Rfe1 Rfe8 33.c4 Nd7 34.Rd5 b6 35.Red1 Nf6 36.Rd6 Qc7
37.Qd2 Qf7  1/2-1/2

[Event "11th EICC Women"]
[Site "Rijeka CRO"]
[Date "2010.03.07"]
[Round "2"]
[White "Schneider,Ve"]
[Black "Paehtz,E"]
[Result "1-0"]
[WhiteElo "2314"]
[BlackElo "2486"]

1.e4 e6 2.d4 d5 3.Nd2 Be7 4.c3 Nf6 5.e5 Nfd7 6.Bd3 c5 7.Ne2 b6 8.Nf3 Ba6
9.Bxa6 Nxa6 10.h4 Qc7 11.Bg5 Bf8 12.Rc1 h6 13.Be3 b5 14.Kf1 Nb6 15.b3 Nb8
16.g4 N8d7 17.Kg2 a5 18.g5 c4 19.Nf4 Ba3 20.Rc2 Be7 21.g6 Nf8 22.gxf7+ Kxf7
23.h5 cxb3 24.axb3 a4 25.bxa4 bxa4 26.Nh4 Bxh4 27.Rxh4 a3 28.Qb1 Nc4 29.Nd3 Rb8
30.Nb4 g5 31.Rh3 Kg8 32.Ra2 Rh7 33.Bc1 Qf7 34.Qd3 Rg7 35.Qf3 Qe8 36.Rg3 Rbb7
37.Bxa3 g4 38.Qf6 Nxa3 39.Rxa3 Qxh5 40.Ra8 Rbf7 41.Qxe6 Kh7 42.Rxf8 Rxf8
43.Nxd5 Qg5 44.Nf6+ Kh8 45.Nxg4 h5 46.Nf6 Qh6 47.Qf5 Rxg3+ 48.Kxg3 h4+ 49.Kh3 Kg7
50.Nh5+ Kh8 51.Nf6 Kg7 52.f4 Rb8 53.Qd7+ Kh8 54.Qg4 Ra8 55.Qxh4 Qxh4+ 56.Kxh4 Rc8
57.Ne4 Rg8 58.d5 Kg7 59.Kg5 Kf7+ 60.Kf5 Rh8 61.e6+ Ke8 62.Ke5  1-0

[Event "81st ch-GER"]
[Site "Bad Liebenzell GER"]
[Date "2010.03.08"]
[Round "4"]
[White "Feuerstack,A"]
[Black "Natsidis,C"]
[Result "1/2-1/2"]
[WhiteElo "2382"]
[BlackElo "2270"]

1.e4 e6 2.d4 d5 3.Nd2 Be7 4.Bd3 c5 5.dxc5 Nf6 6.Qe2 a5 7.Ngf3 O-O 8.O-O Na6
9.e5 Nd7 10.c4 Ndxc5 11.Bb1 Nb4 12.Rd1 Qc7 13.cxd5 Nxd5 14.Ne4 b6 15.Nxc5 Bxc5
16.Qe4  1/2-1/2

[Event "26th ChessOrg Schachfestival"]
[Site "Bad Woerishofen GER"]
[Date "2010.03.08"]
[Round "3"]
[White "Friedrich,N"]
[Black "Rusev,K"]
[Result "0-1"]
[WhiteElo "2299"]
[BlackElo "2543"]

1.e4 e6 2.d4 d5 3.Nd2 Be7 4.Ngf3 Nf6 5.Bd3 c5 6.dxc5 dxe4 7.Nxe4 Nxe4 8.Bxe4 Qxd1+
9.Kxd1 Bxc5 10.Ke2 Nd7 11.Bd2 Nf6 12.Bd3 b6 13.Ng5 h6 14.Ne4 Nxe4 15.Bxe4 Ba6+
16.Bd3 Bxd3+ 17.cxd3 Kd7 18.Rac1 Rhc8 19.Rc4 b5 20.Rc2 Bd6 21.Rxc8 Rxc8 22.Rc1 Rb8
23.Be3 a6 24.Bd4 f6 25.h3 h5 26.Rc2 Rf8 27.Rc1 g5 28.Rc2 g4 29.hxg4 hxg4
30.Rc1 f5 31.g3 Ra8 32.Bc5 Rc8 33.Be3 Rh8 34.Kf1 e5 35.Kg1 f4 36.Bd2 f3 37.Re1 Rc8
38.Rc1 Rxc1+ 39.Bxc1 Ke6 40.Kf1 Kd5 41.Ke1 e4 42.Be3 exd3 43.Kd2 Ke4 44.Bb6 Be5
45.Kc1 d2+ 46.Kxd2 Bxb2  0-1

[Event "26th ChessOrg Schachfestival"]
[Site "Bad Woerishofen GER"]
[Date "2010.03.08"]
[Round "3"]
[White "Kugelmann,W"]
[Black "Hammes,M"]
[Result "0-1"]
[WhiteElo "2240"]
[BlackElo "2375"]

1.e4 e6 2.d4 d5 3.Nd2 a6 4.c3 c5 5.e5 Nc6 6.Ngf3 Nh6 7.Bd3 Qb6 8.dxc5 Bxc5
9.O-O Ng4 10.Qe2 Qc7 11.Nb3 Ba7 12.Bf4 f6 13.Rae1 O-O 14.Bg3 Ngxe5 15.Nxe5 fxe5
16.Bxe5 Nxe5 17.Qxe5 Qxe5 18.Rxe5 Bb8 19.Re2 e5 20.h3 Bd7 21.Rd1 Bc6 22.Bc2 Ba7
23.Rdd2 Rae8 24.Na5 e4 25.Nxc6 bxc6 26.Kh1 e3 27.fxe3 Rf1+ 28.Kh2 Bb8+ 29.g3 Rf3
30.Rg2 Rexe3 31.Bd1 Rxg3 32.Rxg3 Rxg3 33.Re2 Kf8 34.Rf2+ Ke7 35.Ba4 Rg4+  0-1

[Event "11th EICC Men"]
[Site "Rijeka CRO"]
[Date "2010.03.12"]
[Round "7"]
[White "Pavasovic,D"]
[Black "Grachev,B"]
[Result "1/2-1/2"]
[WhiteElo "2579"]
[BlackElo "2667"]

1.e4 e6 2.d4 d5 3.Nd2 a6 4.Ngf3 c5 5.exd5 exd5 6.Be2 Nf6 7.O-O Be7 8.dxc5 Bxc5
9.Nb3 Bb6 10.c3 h6 11.Bf4 Nc6 12.Nfd4  1/2-1/2

[Event "11th EICC Men"]
[Site "Rijeka CRO"]
[Date "2010.03.14"]
[Round "8"]
[White "Sjugirov,S"]
[Black "Bajarani,U"]
[Result "1/2-1/2"]
[WhiteElo "2602"]
[BlackElo "2395"]

1.e4 e6 2.d4 d5 3.Nd2 Be7 4.Bd3 c5 5.dxc5 Nf6 6.Qe2 O-O 7.Ngf3 a5 8.c4 Na6
9.cxd5 Nxc5 10.O-O exd5 11.e5 Nfd7 12.Bc2 f6 13.e6 Ne5 14.Nxe5 fxe5 15.Qxe5 Bf6
16.Qe2 Ra6 17.Nb3 Rxe6 18.Bxh7+ Kxh7 19.Qh5+ Kg8 20.Nxc5 Re5 21.Qd1 Qd6 22.Nd3 Re4
23.Be3 d4 24.Bd2 b6 25.b4 Rh4 26.f4 Bg4 27.Qa4 Qd5 28.Rfe1 Qh5 29.Qb3+ Kh8
30.Ne5 d3 31.h3 Bxh3 32.Qxd3 Rd8 33.Qg6 Bxe5 34.Qxh5+ Rxh5 35.Rxe5 Rxe5 36.fxe5 Be6
37.Be1 a4 38.a3 Rd3 39.b5 Rd5  1/2-1/2

[Event "11th EICC Women"]
[Site "Rijeka CRO"]
[Date "2010.03.15"]
[Round "9"]
[White "Umudova,N"]
[Black "Vojinovic,J"]
[Result "0-1"]
[WhiteElo "2211"]
[BlackElo "2296"]

1.e4 e6 2.d4 d5 3.Nd2 Be7 4.Bd3 c5 5.dxc5 Nf6 6.Qe2 Nc6 7.Ngf3 Nb4 8.Nb3 a5
9.a4 O-O 10.Bg5 b6 11.e5 Nxd3+ 12.cxd3 Nd7 13.c6 Bxg5 14.cxd7 Bxd7 15.Nxg5 Qxg5
16.O-O Qe7 17.Qd2 Rfc8 18.Nd4 Qb4 19.Qxb4 axb4 20.b3 Rc3 21.Rfd1 f6 22.f4 Kf7
23.Kf2 Ke7 24.Ke3 fxe5 25.fxe5 Be8 26.Rac1 Rac8 27.Ne2 R3c5 28.d4 R5c7 29.Rxc7+ Rxc7
30.Rc1 Ra7 31.Nf4 b5 32.a5 g5 33.Nd3 Rxa5 34.Rc7+ Kf8 35.Nxb4 Ra3 36.Rc3 Bg6
37.Rc8+ Kg7 38.Rc7+ Kh6 39.Rc3 Bf5 40.h3 Kg6 41.g4 Be4 42.Kd2 h5 43.Ke2 h4
44.Rc7 Rxb3 45.Nc6 Rb2+ 46.Ke1 Rc2 47.Ne7+ Kf7 48.Nc6+ Kg8 49.Rc8+ Kg7 50.Rc7+ Kh6
51.Rc8 b4 52.Rh8+ Kg7 53.Nxb4 Kxh8  0-1

[Event "11th EICC Women"]
[Site "Rijeka CRO"]
[Date "2010.03.15"]
[Round "9"]
[White "Tomulic,V"]
[Black "Sargac,R"]
[Result "0-1"]
[WhiteElo "1930"]
[BlackElo "2157"]

1.e4 e6 2.d4 d5 3.Nd2 Be7 4.Ngf3 Nf6 5.e5 Nfd7 6.Bd3 b6 7.O-O Ba6 8.Ne1 c5
9.c3 Bxd3 10.Nxd3 Nc6 11.Nf3 g5 12.Be3 c4 13.Qa4 Rc8 14.Nc1 Nf8 15.Ne2 Ng6
16.b3 g4 17.Nd2 cxb3 18.axb3 h5 19.c4 Kf8 20.cxd5 Qxd5 21.Nc3 Qa5 22.Qc4 Qb4
23.f3 Qxc4 24.Nxc4 gxf3 25.Ne4 Nh4 26.g3 Nf5 27.Rfc1 Kg7 28.Kf2 Rhd8 29.Ncd6 Nxd6
30.exd6 Bxd6 31.Bg5 Rd7 32.Ra2 Ne7 33.Bxe7 Rxc1 34.Bxd6 Kg6 35.Be5 Kf5 36.Kxf3 Rf1+
37.Ke3 Re1+  0-1

[Event "11th EICC Men"]
[Site "Rijeka CRO"]
[Date "2010.03.16"]
[Round "10"]
[White "Sjugirov,S"]
[Black "Grachev,B"]
[Result "1/2-1/2"]
[WhiteElo "2602"]
[BlackElo "2667"]

1.e4 e6 2.d4 d5 3.Nd2 a6 4.Ngf3 c5 5.exd5 exd5 6.dxc5 Bxc5 7.Nb3 Bb6 8.Qe2+ Qe7
9.Bg5 f6 10.Bf4 Nc6 11.O-O-O Qxe2 12.Bxe2 Nge7 13.Nfd4 Kf7 14.Rhe1 Rd8 15.Bh5+ g6
16.Bf3 Nxd4 17.Nxd4 Nc6 18.Be3 Ne5 19.Be2 Ng4 20.Bxg4 Bxg4 21.f3 Bxd4 22.Rxd4 Be6
23.Rh4 h5 24.Rf4 g5 25.Rb4 b5 26.h4 d4 27.Rxd4 Rxd4 28.Bxd4 Rg8 29.hxg5 fxg5
30.Re5 h4 31.Bf2 Bc4 32.Be3 Kf6 33.Bd4 Kg6 34.Be3 Kf6 35.Bd4 Kg6 36.Re1 Rd8
37.Bf2 Bf7 38.b3 Re8 39.Rf1 Kf5 40.Kd2 Kf4 41.Rc1 Bd5 42.c4 bxc4 43.bxc4 Bc6
44.Rb1 h3 45.gxh3 Bxf3 46.Kc3 Re2 47.Ba7 Rxa2 48.Bb8+ Kf5  1/2-1/2

[Event "Six Seasons GM"]
[Site "Dhaka BAN"]
[Date "2010.03.18"]
[Round "4"]
[White "Barua,D"]
[Black "Murshed,N"]
[Result "1/2-1/2"]
[WhiteElo "2479"]
[BlackElo "2413"]

1.e4 e6 2.d4 d5 3.Nd2 Nc6 4.Ngf3 Nf6 5.e5 Nd7 6.Bd3 f6 7.Ng5 Ndxe5 8.dxe5 fxg5
9.Qh5+ g6 10.Bxg6+ Kd7 11.Bd3 Nxe5 12.Nf3 Bb4+ 13.Ke2 Nxf3 14.gxf3 Be7 15.c4 Qe8
16.Qh6 Qf7 17.Rg1 Rf8 18.f4 e5 19.cxd5 exf4 20.Qxh7 Qxh7 21.Bxh7 Rh8 22.Be4 Rxh2
23.Bd2 Kd6 24.Kd3 Rxf2 25.Bb4+ Kd7 26.Bxe7 Kxe7 27.Rxg5 Bd7 28.Rg7+ Kd6 29.Rh1 Rd8
30.Rg6+ Kc5 31.Rc1+ Kb5 32.Rxc7 Bc6 33.Kc3 Rxd5 34.Rgxc6 bxc6  1/2-1/2

[Event "Dos Hermanas Blitz Final"]
[Site "ICC INT"]
[Date "2010.03.19"]
[Round "2.4"]
[White "Amonatov,F"]
[Black "Shipov,S"]
[Result "1-0"]
[WhiteElo "2637"]
[BlackElo "2557"]

1.e4 e6 2.d4 d5 3.Nd2 a6 4.Bd3 c5 5.dxc5 Bxc5 6.Qe2 Nc6 7.Ngf3 Nb4 8.O-O Ne7
9.Nb3 Bd6 10.e5 Bc7 11.Bf4 Bd7 12.Nbd4 Nxd3 13.Qxd3 O-O 14.Rfe1 Ng6 15.Bg3 Rc8
16.c3 Bb8 17.h4 h6 18.h5 Ne7 19.Qd2 Re8 20.Nh2 Kh7 21.Ng4 Ba7 22.Bh4 Qc7
23.Bxe7 Rxe7 24.Qf4 f5 25.Ne3 Rf8 26.Rad1 Ref7 27.g3 Bc5 28.Ng2 Qb6 29.Qd2 Be8
30.Nf4 Re7 31.b4 Bxd4 32.cxd4 Rc7 33.Rc1 Rc4 34.Rxc4 dxc4 35.d5 exd5 36.Nxd5 a5
37.Nxb6  1-0

[Event "Dos Hermanas Blitz Final"]
[Site "ICC INT"]
[Date "2010.03.19"]
[Round "2.2"]
[White "Amonatov,F"]
[Black "Shipov,S"]
[Result "0-1"]
[WhiteElo "2637"]
[BlackElo "2557"]

1.e4 e6 2.d4 d5 3.Nd2 a6 4.Bd3 c5 5.dxc5 Bxc5 6.Qe2 Nc6 7.Ngf3 Nb4 8.O-O Ne7
9.Nb3 Nxd3 10.cxd3 Bb6 11.Be3 O-O 12.Rac1 Bd7 13.Nc5 Bxc5 14.Bxc5 dxe4 15.Qxe4 Bc6
16.Qg4 Re8 17.Ne5 Qd5 18.Bxe7 Qxe5 19.Bb4 h5 20.Qh3 Rad8 21.Bc3 Qg5 22.Rcd1 f6
23.Rfe1 Kf7 24.Re3 h4 25.Rde1 e5 26.d4 e4 27.f3 exf3 28.Rxe8 Rxe8 29.Rxe8 Bxe8
30.Qxf3 Bc6 31.Qe2 h3 32.g3 Qf5 33.a3 Qd5 34.Kf2 Qg2+ 35.Ke3 Qg1+ 36.Kd2 g6
37.a4 Bd5 38.Bb4 Qxd4+ 39.Qd3 Qxb4+ 40.Ke3 Qc5+ 41.Qd4 Qxd4+ 42.Kxd4 Ke6  0-1

[Event "Six Seasons GM"]
[Site "Dhaka BAN"]
[Date "2010.03.20"]
[Round "7"]
[White "Barua,D"]
[Black "Praveen Kumar,C1"]
[Result "1-0"]
[WhiteElo "2479"]
[BlackElo "2405"]

1.e4 e6 2.d4 d5 3.Nd2 Be7 4.Bd3 c5 5.dxc5 Nf6 6.exd5 exd5 7.Nb3 O-O 8.Ne2 a5
9.a4 Na6 10.Be3 Ne4 11.O-O Naxc5 12.Nxc5 Nxc5 13.Nf4 Be6 14.Bb5 Rc8 15.c3 Bd6
16.Qf3 Qf6 17.Rad1 Rfd8 18.Ne2 Qh4 19.h3 Qe4 20.Qxe4 dxe4 21.Nd4 Bd7 22.Bxd7 Rxd7
23.Nb5 Nd3 24.f3 f5 25.fxe4 fxe4 26.b3 Be5 27.c4 Rc6 28.Rd2 Rg6 29.Re2 Rg3
30.Kh1 g5 31.Bg1 Nf4 32.Rxe4 Rd2 33.Bf2 Nd3 34.Bxg3 Bxg3 35.Re3 Bf4 36.Ref3 h5
37.Nc3 h4 38.Nb1  1-0

[Event "Six Seasons GM"]
[Site "Dhaka BAN"]
[Date "2010.03.21"]
[Round "8"]
[White "Minhazuddin,A"]
[Black "Praveen Kumar,C1"]
[Result "1/2-1/2"]
[WhiteElo "2289"]
[BlackElo "2405"]

1.e4 e6 2.d4 d5 3.Nd2 Be7 4.Bd3 c5 5.dxc5 Nf6 6.Qe2 O-O 7.Ngf3 a5 8.a4 Na6
9.e5 Nd7 10.Nb3 Naxc5 11.Nbd4 Nxd3+ 12.cxd3 Nb8 13.O-O Nc6 14.Bd2 Bd7 15.Nb5 f5
16.exf6 Bxf6 17.d4 Kh8 18.Rad1 Ra6 19.Bf4 Nb4 20.Ne5 Kg8 21.Rfe1 Be8 22.Ng4 Be7
23.Be5 Rc6 24.Rc1 Bg6 25.Rc3 Rxc3 26.bxc3 Nc6 27.Bg3 Qd7 28.Nc7 h5 29.Ne5 Nxe5
30.Qxe5 h4 31.Nxe6 Rf7 32.Bf4 Bf5 33.Ng5 Bf6 34.Qe8+ Qxe8 35.Rxe8+ Rf8 36.Re1 Bd7
37.Be3 Rc8 38.Rb1 Bxa4 39.Rxb7 Bc6 40.Ra7 a4 41.Ne6 Ra8 42.Rxa8+ Bxa8 43.Bc1 Bc6
44.f4 Kf7 45.Nc5 Bd8 46.Kf2 Kf6 47.Kf3 Kf5 48.Nd3 Bb5 49.Nb4 Bc4 50.Nc2 Bd3
51.Na3 Bc7 52.g3 Be4+ 53.Kf2 h3 54.Nb5 Bb8 55.Ba3 Ke6 56.Bc1 Bd3 57.Na3 Kf5
58.Ke3 Be4 59.Kf2 Kg4 60.c4 g5 61.c5 gxf4 62.Bxf4 Bxf4 63.gxf4 Kxf4 64.Ke2 Bf3+
65.Kd3 Bg4 66.Nb5 Bf5+ 67.Kd2 Bd7 68.Na3 Ke4 69.Kc3 Bf5 70.Nb5 Bd7 71.Na3 Ke3
72.Nc2+ Ke2 73.Nb4 Be6 74.c6 Kf3 75.c7 Ke4 76.Nc2 Bc8 77.Nb4 Bd7 78.Nc6 Be6
79.Kb4 Kf3 80.Ne7 Kg2 81.Nxd5 Kxh2 82.Nf4 Bd7  1/2-1/2

[Event "26th Budapest Spring Festival"]
[Site "Budapest HUN"]
[Date "2010.03.24"]
[Round "5"]
[White "Karim,I"]
[Black "Csonka,B"]
[Result "1/2-1/2"]
[WhiteElo "2386"]
[BlackElo "2163"]

1.e4 e6 2.d4 d5 3.Nd2 Be7 4.Ngf3 Nf6 5.e5 Nfd7 6.Bd3 c5 7.c3 Nc6 8.O-O g5
9.dxc5 g4 10.Nd4 Ncxe5 11.N2b3 Nxc5 12.Nxc5 Bxc5 13.Bf4 Qf6 14.Bb5+ Bd7 15.Bxe5 Qxe5
16.Bxd7+ Kxd7 17.Qa4+ Ke7 18.Rae1 Qg5 19.Qb5 Bxd4 20.Qxb7+ Kf6 21.cxd4 Rab8
22.Qxa7 Rxb2 23.Qa3 Qd2 24.Rd1 Rxa2 25.Qg3 Qg5 26.f3 Rc8 27.fxg4+ Kg7 28.h4 Qg6
29.h5 Qg5 30.Qf3 f5 31.h6+ Kxh6 32.Qh3+ Kg7 33.Rb1 Rcc2  1/2-1/2

[Event "TCh-AUT 2009-10"]
[Site "Baden AUT"]
[Date "2010.03.27"]
[Round "8"]
[White "Pavasovic,D"]
[Black "Vavrak,P"]
[Result "1-0"]
[WhiteElo "2590"]
[BlackElo "2470"]

1.e4 e6 2.d4 d5 3.Nd2 Be7 4.Ngf3 Nf6 5.e5 Nfd7 6.Bd3 c5 7.c3 Nc6 8.O-O a5
9.Re1 g5 10.dxc5 Nxc5 11.Bb5 Bd7 12.Nb3 Nxb3 13.Qxb3 a4 14.Bxa4 g4 15.Nd4 Qa5
16.Bxc6 bxc6 17.Qd1 h5 18.b4 Qa6 19.Be3 Qc4 20.Qd2 Ra3 21.Nb3 h4 22.Qc1 Ra8
23.Bc5 Rh5 24.Bxe7 Kxe7 25.Na5 Qd3 26.Re3 Qf5 27.Qd2 Qf4 28.Qd4 Rf5 29.Re2 Qxd4
30.cxd4 Rf4 31.Nb3 c5 32.bxc5 Ba4 33.g3 Rf3 34.Rd1 Bxb3 35.axb3 Rd3 36.Ree1 Rxb3
37.gxh4 Ra4 38.Re3 Rb2 39.Rg3 Raa2 40.h3 gxh3 41.Rf3 h2+ 42.Kg2 h1=Q+ 43.Rxh1 Rd2
44.Rf4 Ra4 45.h5 Rdxd4 46.Rxd4 Rxd4 47.h6 Rg4+ 48.Kf3 Rg8 49.c6 Rh8 50.h7  1-0

[Event "26th Budapest Spring Festival"]
[Site "Budapest HUN"]
[Date "2010.03.28"]
[Round "9"]
[White "Adam,Gy2"]
[Black "Csonka,B"]
[Result "0-1"]
[WhiteElo "2133"]
[BlackElo "2163"]

1.e4 e6 2.d4 d5 3.Nd2 Be7 4.Ngf3 Nf6 5.Bd3 c5 6.e5 Nfd7 7.c3 Nc6 8.O-O g5
9.Bb1 h5 10.Nb3 g4 11.Ne1 Qb6 12.Kh1 a5 13.f4 Qa6 14.Bd3 c4 15.Be2 b5 16.Nd2 Qb6
17.Qc2 Nf8 18.g3 Bb7 19.Ng2 Kd7 20.f5 Re8 21.f6 Bd8 22.Rd1 Ng6 23.b3 h4 24.Bxg4 hxg3
25.Nf3 Reg8 26.bxc4 bxc4 27.Rb1 Qa7 28.Rb5 Ngxe5 29.dxe5 Rxg4 30.Rbxd5+ Kc8
31.Be3 Qa8 32.Rd7 Nd4 33.R7xd4 Bxf3 34.Rxg4 Bxg2+ 35.Kg1 gxh2+ 36.Kf2 Qf3+  0-1

[Event "II Genset Cup"]
[Site "Szombathely HUN"]
[Date "2010.03.29"]
[Round "4"]
[White "Lakos,N"]
[Black "Stavrianakis,I"]
[Result "1/2-1/2"]
[WhiteElo "2292"]
[BlackElo "2243"]

1.e4 e6 2.d4 d5 3.Nd2 Nc6 4.Ngf3 Nf6 5.e5 Nd7 6.Be2 f6 7.exf6 Qxf6 8.Nf1 Bd6
9.Ne3 O-O 10.O-O Kh8 11.h3 Qg6 12.Bd3 Qh5 13.Be2 Qg6 14.Ng4 e5 15.dxe5 Ndxe5
16.Nfxe5 Nxe5 17.Nxe5 Bxe5 18.Bh5  1/2-1/2

[Event "4th G. Agzamov Mem"]
[Site "Tashkent UZB"]
[Date "2010.03.31"]
[Round "9"]
[White "Djuraev,S"]
[Black "Dzhumaev,M"]
[Result "0-1"]
[WhiteElo "2411"]
[BlackElo "2525"]

1.e4 e6 2.d4 d5 3.Nd2 Nc6 4.c3 Nge7 5.e5 Nf5 6.Bd3 h5 7.Ndf3 Be7 8.h4 Qd7
9.Nh3 b6 10.Qe2 Bb7 11.Nhg5 Nh6 12.Bf4 O-O-O 13.b4 Rde8 14.b5 Na5 15.Nd2 f6
16.Ngf3 Ng4 17.Bg3 Ref8 18.O-O Bd8 19.Rfe1 Re8 20.Nh2 fxe5 21.dxe5 Nxh2 22.Kxh2 g5
23.Nf3 Ref8 24.Kg1 Qg7 25.Rad1 gxh4 26.Nxh4 Rfg8 27.Ng6 Rh6 28.Nf4 h4 29.Bh2 Nc4
30.Qf3 h3 31.Nxh3 Nb2 32.Bf4 Rhh8 33.Bc2 Nxd1 34.Rxd1 d4 35.Be4 Qxg2+ 36.Qxg2 Bxe4
37.Qxg8 Rxg8+ 38.Bg3 dxc3  0-1

[Event "22nd Kreuz-Open"]
[Site "Lenk SUI"]
[Date "2010.04.01"]
[Round "1"]
[White "Sokolov,And1"]
[Black "Delmonico,N"]
[Result "1-0"]
[WhiteElo "2563"]
[BlackElo "1940"]

1.e4 e6 2.d4 d5 3.Nd2 Be7 4.g3 Nf6 5.e5 Nfd7 6.f4 c5 7.c3 Nc6 8.Ndf3 O-O
9.Ne2 f5 10.exf6 Nxf6 11.Bg2 Ne4 12.O-O Bd7 13.Be3 c4 14.Ne5 Nd6 15.g4 Bf6
16.Ng3 b5 17.Qc2 b4 18.Rae1 b3 19.axb3 cxb3 20.Qxb3 Bxe5 21.fxe5 Nc4 22.Rxf8+ Qxf8
23.Bc1 Rb8 24.Qc2 Be8 25.Rf1 Qe7 26.Nh5 Bg6 27.Qe2 N6a5 28.Nf4 Bf7 29.Nd3 Nb3
30.Nb4 Be8 31.Nxd5  1-0

[Event "21st Pobeskydi Chance Cup"]
[Site "Frydek-Mistek CZE"]
[Date "2010.04.02"]
[Round "3"]
[White "Bombek,P"]
[Black "Kovac,A"]
[Result "1/2-1/2"]
[WhiteElo "2213"]
[BlackElo "2126"]

1.e4 e6 2.d4 d5 3.Nd2 a6 4.Ngf3 c5 5.exd5 exd5 6.dxc5 Bxc5 7.Nb3 Bb6 8.Bd3 Nf6
9.O-O O-O 10.h3 Ne4 11.Bxe4 dxe4 12.Qxd8 Rxd8 13.Ne5 Be6 14.Bf4 f6 15.Ng4 h5
16.Be3 Bc7 17.Nh2 Nd7 18.f3 Bd5 19.Nd4 Re8 20.Rfe1 Ne5 21.fxe4 Bxe4 22.Bf2 Bd5
23.Nhf3 Ba5 24.Red1 Nxf3+ 25.Nxf3 Bxf3 26.gxf3 Re2 27.Rd5 Bc7 28.Re1 Rae8
29.Kf1 Rxe1+ 30.Bxe1 Be5 31.b3 Kf7 32.Rd7+  1/2-1/2

[Event "21st Pobeskydi Chance Cup"]
[Site "Frydek-Mistek CZE"]
[Date "2010.04.02"]
[Round "4"]
[White "Tuma,Ja"]
[Black "Kovac,A"]
[Result "1-0"]
[WhiteElo "2201"]
[BlackElo "2126"]

1.e4 e6 2.d4 d5 3.Nd2 a6 4.c3 c5 5.Bd3 Nc6 6.Ngf3 cxd4 7.cxd4 Nf6 8.e5 Nd7
9.O-O f6 10.exf6 Nxf6 11.Re1 Bd6 12.Ne5 Nxd4 13.Qa4+ Nc6 14.Nxc6 Qd7 15.Nf3 Qxc6
16.Qh4 O-O 17.Bd2 Qe8 18.Bc3 Nh5 19.Be5 Be7 20.Qh3 g6 21.Rac1 Bf6 22.g4 Bxe5
23.gxh5 Bf4 24.hxg6 hxg6 25.Rxc8 Qxc8 26.Bxg6 Qd7 27.Kh1 Rac8 28.Rg1 Rc1
29.Ne1 Bg5 30.Rxg5 Rxe1+ 31.Kg2 Rf6 32.Qh6 Rxf2+ 33.Kxf2  1-0

[Event "XXXVII Open"]
[Site "La Roda Albacete ESP"]
[Date "2010.04.02"]
[Round "4"]
[White "Picard,Ro"]
[Black "Del Rio de Angelis,S"]
[Result "1/2-1/2"]
[WhiteElo "2363"]
[BlackElo "2524"]

1.e4 e6 2.d4 d5 3.Nd2 a6 4.Bd3 c5 5.dxc5 Bxc5 6.Ngf3 Nc6 7.O-O Nf6 8.a3 dxe4
9.Nxe4 Nxe4 10.Bxe4 Qxd1 11.Rxd1 Bd7 12.b4  1/2-1/2

[Event "XXXVII Open"]
[Site "La Roda Albacete ESP"]
[Date "2010.04.02"]
[Round "5"]
[White "Gonzalez Vidal,Y"]
[Black "Bermejo Martinez,J"]
[Result "1-0"]
[WhiteElo "2512"]
[BlackElo "2267"]

1.e4 e6 2.d4 d5 3.Nd2 Be7 4.Ngf3 c5 5.exd5 Qxd5 6.Bc4 Qd8 7.dxc5 Bxc5 8.O-O Nf6
9.Qe2 O-O 10.Nb3 Be7 11.Bf4 Nc6 12.Rad1 Qb6 13.Ne5 Nxe5 14.Bxe5 Nd7 15.Bc3 Qc7
16.Nd4 Nb6 17.Bb3 a6 18.Rd3 Bf6 19.Nb5 Qe7 20.Nc7 Rb8 21.Rfd1 Bxc3 22.Rxc3 Rd8
23.Rcd3 Rxd3 24.Qxd3 Nd7 25.Qg3 e5 26.Qe3 b6 27.Qd3 a5 28.h3 g6 29.Nd5 Qf8
30.Qe3 b5 31.a3 Kg7 32.a4 Qc5 33.Qg5 f6 34.Qh4 Qd6 35.Nc3 Qe7 36.axb5 Nc5
37.Bc4 Bf5 38.Nd5 Qf8 39.Ne3 Bd7 40.Rd5 Be6 41.Rxc5 Qxc5 42.Bxe6 Rxb5 43.b3 Qd6
44.Bc4 Rc5 45.Qe4 Qc7 46.Qa8 Qc8 47.Qa7+ Qc7 48.Qxc7+ Rxc7 49.Nd5 Rc6 50.Nc3 f5
51.f3 Kf6 52.Kf2 h5 53.h4 Rc5 54.Ke3 g5 55.g3 f4+ 56.Ke2 Rc8 57.Ne4+ Kg6
58.Bd3 Kg7 59.hxg5 fxg3 60.Nxg3 Rh8 61.Kf2 h4 62.Nf5+ Kg6 63.Nxh4+ Kxg5 64.Ng6 Re8
65.Ke3  1-0

[Event "XXXVII Open"]
[Site "La Roda Albacete ESP"]
[Date "2010.04.03"]
[Round "7"]
[White "Rizouk,A"]
[Black "Martinez Martin,D"]
[Result "1/2-1/2"]
[WhiteElo "2540"]
[BlackElo "2390"]

1.e4 e6 2.d4 d5 3.Nd2 Be7 4.Ngf3 Nf6 5.e5 Nfd7 6.Bd3 c5 7.c3 Nc6 8.O-O a5
9.Re1 a4 10.Nf1 cxd4 11.cxd4 a3 12.b3 Nb4 13.Bb1 Nb8 14.Ng3 h5 15.Nd2  1/2-1/2

[Event "22nd Kreuz-Open"]
[Site "Lenk SUI"]
[Date "2010.04.03"]
[Round "4"]
[White "Kurmann,O"]
[Black "Curien,N"]
[Result "1-0"]
[WhiteElo "2432"]
[BlackElo "2228"]

1.e4 e6 2.d4 d5 3.Nd2 Nc6 4.Ngf3 Nf6 5.e5 Nd7 6.Nb3 f6 7.Bb5 Be7 8.O-O O-O
9.exf6 Nxf6 10.Bxc6 bxc6 11.Ne5 Bd7 12.Be3 Be8 13.f3 Bd6 14.Nc5 Qe7 15.Ncd3 Bxe5
16.Nxe5 Qd6 17.Nd3 Nd7 18.Qd2 c5 19.dxc5 Qc6 20.a4 a5 21.b4 e5 22.b5 Qf6
23.c6 Nb6 24.Bxb6 cxb6 25.Qe3 Bg6 26.Qxb6 Qg5 27.Qc5  1-0